000 00221nam a22000857a 4500
008 160624b xxu||||| |||| 00| 0 eng d
100 _91075
_aIrala, N
245 _aAchieving Peace of Heart
260 _aN.Y
_bJoseph F. Wagner
_c1969
999 _c861
_d861